[Event "Lake Sevan 2016"]
[Site "Martuni ARM"]
[Date "2016.07.23"]
[Round "6.1"]
[White "Sevian, Samuel"]
[Black "Anton Guijarro, David"]
[Result "1/2-1/2"]
[WhiteTitle "GM"]
[BlackTitle "GM"]
[WhiteElo "2595"]
[BlackElo "2627"]
[WhiteFideId "2040506"]
[BlackFideId "2285525"]
[EventDate "2016.07.18"]

1. e4 e6 2. d4 d5 3. Nd2 Be7 4. Ngf3 Nf6 5. e5 Nfd7 6. Bd3 b6 7. O-O c5 8. Re1
Ba6 9. c4 O-O 10. Bb1 Re8 11. cxd5 exd5 12. Ne4 Nc6 13. Neg5 Nf8 14. dxc5 bxc5
15. e6 fxe6 16. Nxe6 Qd7 17. Bf5 Bf6 18. Nxc5 Qxf5 19. Nxa6 Ne6 20. Rxe6 Rxe6
21. Nc7 Rb8 22. Nxe6 Qxe6 23. Ne1 Ne5 24. Bf4 Rxb2 25. Bxe5 Bxe5 26. Nd3 Rb6 27.
Rc1 Bb8 28. Qf3 h6 29. g3 Qe4 30. Rc8+ Kh7 31. Qxe4+ dxe4 32. Nc5 Rb1+ 33. Kg2
Rc1 34. Rxb8 Rxc5 35. Re8 1/2-1/2

[Event "Lake Sevan 2016"]
[Site "Martuni ARM"]
[Date "2016.07.23"]
[Round "6.2"]
[White "Vidit, Santosh Gujrathi"]
[Black "Onischuk, Vladimir"]
[Result "1-0"]
[WhiteTitle "GM"]
[BlackTitle "GM"]
[WhiteElo "2658"]
[BlackElo "2615"]
[WhiteFideId "5029465"]
[BlackFideId "14114038"]
[EventDate "2016.07.18"]

1. d4 d6 2. Nf3 g6 3. g3 Bg7 4. Bg2 Nf6 5. O-O O-O 6. c4 Nc6 7. Nc3 e5 8. dxe5
dxe5 9. Bg5 Be6 10. Nd2 h6 11. Bxf6 Bxf6 12. Nde4 Be7 13. Qc1 Kg7 14. Rd1 Qe8
15. Nd5 Rc8 16. Nxe7 Qxe7 17. Nc3 Bxc4 18. b3 Ba6 19. Bxc6 bxc6 20. Qe3 Ra8 21.
Rac1 Rfe8 22. Rc2 Bc8 23. Ne4 Bf5 24. Rxc6 Rad8 25. Rdc1 Qb4 26. R6c4 Qb6 27.
Nc5 Rd5 28. Qc3 Qd6 29. e4 Rd1+ 30. Kg2 Bg4 31. Rxd1 Qxd1 32. Qd3 Rd8 33. Qxd1
Bxd1 34. Ra4 g5 35. h3 h5 36. g4 h4 37. Rxa7 Be2 38. Rxc7 Rd1 39. Nd7 Bf1+ 40.
Kh2 Rd2 41. Nxe5 Kf6 42. Nxf7 Rxa2 43. e5+ Kg6 44. Nh8+ Kh6 45. Nf7+ Kg6 46. Nd6
Re2 47. Rc1 1-0

[Event "Lake Sevan 2016"]
[Site "Martuni ARM"]
[Date "2016.07.23"]
[Round "6.4"]
[White "Gabuzyan, Hovhannes"]
[Black "Pashikian, Arman"]
[Result "1/2-1/2"]
[WhiteTitle "GM"]
[BlackTitle "GM"]
[WhiteElo "2607"]
[BlackElo "2615"]
[WhiteFideId "13303732"]
[BlackFideId "13301578"]
[EventDate "2016.07.18"]

1. Nf3 d5 2. g3 Nf6 3. Bg2 e6 4. O-O Be7 5. c4 O-O 6. b3 b6 7. Bb2 Bb7 8. cxd5
exd5 9. d4 Nbd7 10. Nbd2 Re8 11. Ne5 c5 12. Rc1 Rc8 13. Ndc4 Nxe5 14. dxe5 Ne4
15. Qc2 dxc4 16. Rfd1 cxb3 17. axb3 Qc7 18. Bxe4 Bxe4 19. Qxe4 Rcd8 20. e6 Bf8
21. Rxd8 Rxd8 22. f4 Qe7 23. exf7+ Qxf7 24. Qc2 b5 25. e4 a5 26. f5 Qd7 27. f6
Qd2 28. Qxd2 Rxd2 29. Bc3 Rd3 30. Kf2 gxf6 31. Ke2 Rd6 32. Bxa5 Ra6 33. Bc3 Be7
34. Ra1 Rxa1 35. Bxa1 Kf7 36. Bc3 Bd6 37. Be1 Ke6 38. Kd3 f5 39. exf5+ Kxf5 40.
h3 h5 41. g4+ hxg4 42. hxg4+ Kxg4 43. Ke4 c4 44. bxc4 bxc4 45. Kd4 c3 1/2-1/2

[Event "Lake Sevan 2016"]
[Site "Martuni ARM"]
[Date "2016.07.23"]
[Round "6.5"]
[White "Ter-Sahakyan, Samvel"]
[Black "Artemiev, Vladislav"]
[Result "1/2-1/2"]
[WhiteTitle "GM"]
[BlackTitle "GM"]
[WhiteElo "2605"]
[BlackElo "2653"]
[WhiteFideId "13302531"]
[BlackFideId "24101605"]
[EventDate "2016.07.18"]

1. e4 c5 2. Nf3 e6 3. g3 d5 4. exd5 exd5 5. d4 Nf6 6. Bg2 Be7 7. O-O O-O 8. Nc3
Nc6 9. dxc5 Bxc5 10. Bg5 Be6 11. Qd3 h6 12. Bxf6 Qxf6 13. Nxd5 Qxb2 14. Rfb1 Qa3
15. Qxa3 Bxa3 16. Nc7 Rab8 17. Nxe6 fxe6 18. Nd2 Nd4 19. Rxb7 Rxb7 20. Bxb7 Nxc2
21. Rb1 Bc5 22. Ne4 Bb6 23. Kg2 Rf7 24. Ba6 Rc7 25. h4 Kf8 26. Nd6 Rc6 27. Nc4
Bc7 28. Bb5 Rc5 29. Ba6 Rc6 30. Bb5 Rc5 31. Ba6 Rc6 32. Bb5 Rc5 1/2-1/2

[Event "Lake Sevan 2016"]
[Site "Martuni ARM"]
[Date "2016.07.24"]
[Round "7.1"]
[White "Artemiev, Vladislav"]
[Black "Sevian, Samuel"]
[Result "1/2-1/2"]
[WhiteTitle "GM"]
[BlackTitle "GM"]
[WhiteElo "2653"]
[BlackElo "2595"]
[WhiteFideId "24101605"]
[BlackFideId "2040506"]
[EventDate "2016.07.18"]

1. d4 Nf6 2. Nf3 d5 3. Bf4 e6 4. e3 c5 5. Nbd2 Nc6 6. c3 Bd6 7. Bg3 O-O 8. Bd3
b6 9. Qe2 Bb7 10. Rd1 Re8 11. e4 Be7 12. e5 Nh5 13. a3 g6 14. Nf1 f5 15. exf6
Bxf6 16. Ne3 cxd4 17. cxd4 Nxg3 18. hxg3 e5 19. dxe5 Nxe5 20. Nxe5 Rxe5 21. O-O
Qe7 22. Rfe1 Re8 23. Bb5 Rd8 24. Qd2 Bg7 25. Ng4 Rxe1+ 26. Rxe1 Qc5 27. Ba4 Rf8
28. Ne5 Qd6 29. Nd3 Qf6 30. Ne5 Qd6 31. Nd3 Qf6 32. Bb3 Qd4 33. Qc2 Rc8 34. Qe2
Kh8 35. Ne5 Rf8 36. Nd7 Ba6 37. Qe3 Qxe3 38. Rxe3 d4 39. Re7 Rd8 40. Ne5 Bxe5
41. Rxe5 Rd7 42. g4 Kg7 43. f4 d3 44. g5 d2 45. Bd1 Bd3 46. Kf2 Bf5 47. g4 Bxg4
48. Bxg4 d1=Q 49. Bxd1 Rxd1 50. Re7+ Kg8 51. Ke2 Rb1 52. b4 Rb2+ 53. Ke1 a5 54.
bxa5 bxa5 55. Re5 h5 56. Rxa5 Ra2 57. Ra6 Kg7 58. Ra7+ Kg8 59. a4 Kh8 60. a5 Kg8
61. Ra6 Kg7 62. Ra7+ Kg8 63. a6 Kh8 64. Kf1 Kg8 65. Kg1 1/2-1/2

[Event "Lake Sevan 2016"]
[Site "Martuni ARM"]
[Date "2016.07.24"]
[Round "7.2"]
[White "Pashikian, Arman"]
[Black "Ter-Sahakyan, Samvel"]
[Result "1/2-1/2"]
[WhiteTitle "GM"]
[BlackTitle "GM"]
[WhiteElo "2615"]
[BlackElo "2605"]
[WhiteFideId "13301578"]
[BlackFideId "13302531"]
[EventDate "2016.07.18"]

1. d4 d5 2. c4 c6 3. Nf3 Nf6 4. e3 Bg4 5. Qb3 Qb6 6. Nc3 e6 7. Nh4 Bh5 8. h3 g5
9. Nf3 h6 10. Bd3 Rg8 11. Qc2 Nbd7 12. Bd2 Bg6 13. b3 Bb4 14. Bxg6 1/2-1/2

[Event "Lake Sevan 2016"]
[Site "Martuni ARM"]
[Date "2016.07.24"]
[Round "7.3"]
[White "Hovhannisyan, Robert"]
[Black "Gabuzyan, Hovhannes"]
[Result "1-0"]
[WhiteTitle "GM"]
[BlackTitle "GM"]
[WhiteElo "2640"]
[BlackElo "2607"]
[WhiteFideId "13302507"]
[BlackFideId "13303732"]
[EventDate "2016.07.18"]

1. e4 c5 2. Nf3 d6 3. d4 cxd4 4. Nxd4 Nf6 5. Nc3 a6 6. Be2 e5 7. Nf3 h6 8. Nd2
Be6 9. Nc4 Qc7 10. Ne3 Nbd7 11. Ncd5 Bxd5 12. Nxd5 Nxd5 13. Qxd5 Qxc2 14. Bc4
Rc8 15. Bb3 Qxc1+ 16. Rxc1 Rxc1+ 17. Bd1 Rc7 18. Qa5 Rc5 19. Qa4 Rc6 20. O-O Be7
21. Qb4 Nc5 22. Bb3 O-O 23. Bd5 Rc7 24. g3 Rfc8 25. Rc1 Bd8 26. Qa3 g6 27. b4
Nd7 28. Rxc7 Rxc7 29. Bxb7 Rxb7 30. Qxa6 Rxb4 31. Qc8 Rb8 32. Qxd7 Rb1+ 33. Kg2
Bb6 34. Qxd6 Bd4 35. Qf6 Rb6 36. Qf3 Rb2 37. a3 Ra2 38. g4 Kg7 39. h4 Kg8 40. h5
Kg7 41. g5 hxg5 42. h6+ Kxh6 43. Qxf7 Re2 44. Qf3 Re1 45. Qf8+ Kh7 46. f3 g4 47.
Qe7+ Kg8 48. Qe8+ Kg7 49. Qe7+ Kg8 50. Qe6+ Kg7 51. fxg4 Rxe4 52. g5 Rf4 53. Qh3
Bb2 54. Qh6+ Kf7 55. Qh7+ Kf8 56. a4 Ba3 57. Qxg6 Be7 58. Qh6+ Kg8 59. a5 Rg4+
60. Kf3 Rf4+ 61. Ke2 Re4+ 62. Kf3 Rf4+ 63. Kg3 1-0

[Event "Lake Sevan 2016"]
[Site "Martuni ARM"]
[Date "2016.07.24"]
[Round "7.4"]
[White "Onischuk, Vladimir"]
[Black "Duda, Jan-Krzysztof"]
[Result "1-0"]
[WhiteTitle "GM"]
[BlackTitle "GM"]
[WhiteElo "2615"]
[BlackElo "2671"]
[WhiteFideId "14114038"]
[BlackFideId "1170546"]
[EventDate "2016.07.18"]

1. e4 c5 2. Nf3 d6 3. d4 cxd4 4. Nxd4 Nf6 5. Nc3 Nc6 6. g3 g6 7. Bg2 Nxd4 8.
Qxd4 Bg7 9. e5 Ng4 10. f4 Bd7 11. h3 dxe5 12. Qb4 Nh6 13. g4 e4 14. Be3 Bc6 15.
Rd1 Qc8 16. Nd5 Bxd5 17. Rxd5 f5 18. Qb3 e6 19. Rd6 O-O 20. Rxe6 Kh8 21. Re7
fxg4 22. Rxg7 Kxg7 23. Bd4+ Rf6 24. hxg4 Nxg4 25. Bh3 Qd8 26. c3 Qc7 27. Bxg4
Rf8 28. Be5 Qc6 29. Qe6 Qc5 30. Qd7+ Rf7 31. Bxf6+ Kxf6 32. Qd4+ Qxd4 33. cxd4
h5 34. Bh3 Rc7 35. Kd2 Rc4 36. Ke3 Rc2 37. Rb1 1-0

[Event "Lake Sevan 2016"]
[Site "Martuni ARM"]
[Date "2016.07.24"]
[Round "7.5"]
[White "Anton Guijarro, David"]
[Black "Vidit, Santosh Gujrathi"]
[Result "1/2-1/2"]
[WhiteTitle "GM"]
[BlackTitle "GM"]
[WhiteElo "2627"]
[BlackElo "2658"]
[WhiteFideId "2285525"]
[BlackFideId "5029465"]
[EventDate "2016.07.18"]

1. e4 e5 2. Nf3 Nc6 3. Bb5 a6 4. Ba4 Nf6 5. O-O Nxe4 6. d4 b5 7. Bb3 d5 8. dxe5
Be6 9. Nbd2 Be7 10. c3 O-O 11. Bc2 f5 12. exf6 Nxf6 13. Nb3 Bg4 14. Qd3 Qd7 15.
Nbd4 Nxd4 16. cxd4 Bxf3 17. Qxf3 g6 18. Qd3 Bd6 19. f3 Nh5 20. Bh6 Rf7 21. Qd2
Re8 22. Rae1 c6 23. g3 Ng7 24. Kg2 Rfe7 25. Bg5 Rxe1 26. Rxe1 Rxe1 27. Qxe1 Qe6
28. Qf2 Be7 29. Be3 Bd8 30. a3 Bc7 31. Qd2 Qf6 32. Qc3 Ne6 33. Bf2 Bb6 34. Kf1
Bxd4 35. Qxc6 Bxf2 36. Kxf2 Qd4+ 37. Kf1 Kf7 38. Qc3 Ke7 39. Qxd4 Nxd4 40. Bd1
Kf6 41. Ke1 Ke5 42. Kd2 g5 43. b4 Nf5 44. a4 h5 45. axb5 axb5 46. f4+ gxf4 47.
gxf4+ Kxf4 48. Bxh5 Ne7 49. Be8 d4 50. Kd3 Nd5 51. Kxd4 Nxb4 52. Bxb5 Nc2+ 53.
Kd5 Ne3+ 54. Ke6 1/2-1/2

[Event "Lake Sevan 2016"]
[Site "Martuni ARM"]
[Date "2016.07.25"]
[Round "8.1"]
[White "Sevian, Samuel"]
[Black "Vidit, Santosh Gujrathi"]
[Result "0-1"]
[WhiteTitle "GM"]
[BlackTitle "GM"]
[WhiteElo "2595"]
[BlackElo "2658"]
[WhiteFideId "2040506"]
[BlackFideId "5029465"]
[EventDate "2016.07.18"]

1. e4 e5 2. Nf3 Nc6 3. Bb5 a6 4. Ba4 Nf6 5. O-O Be7 6. Re1 b5 7. Bb3 d6 8. c3
O-O 9. h3 Na5 10. Bc2 c5 11. d4 Nd7 12. dxc5 dxc5 13. Nbd2 Bb7 14. Qe2 Qc7 15.
Nf1 Nc4 16. b3 Nd6 17. c4 Rfe8 18. Bb2 Bf8 19. Bc3 f6 20. N3d2 Nb8 21. Ne3 Nc6
22. Nd5 Qf7 23. Bd3 b4 24. Bb2 a5 25. a3 Ra6 26. Qf1 Nc8 27. g3 Bd6 28. Ra2 N8e7
29. Rea1 Rea8 30. Qd1 bxa3 31. Rxa3 Nb4 32. Bf1 Nec6 33. Ra4 Kh8 34. Bc3 Bf8 35.
Nf3 Rd8 36. Qc1 Ra7 37. Nh4 Bc8 38. Qb2 Bd7 39. R4a3 Rb8 40. Bg2 Rab7 41. Qe2
Nd4 42. Bxd4 cxd4 43. Rxa5 d3 44. Qd1 Nc2 45. Rb1 Na3 46. Rc1 Rxb3 47. Kh2 Nc2
48. Qf1 Qh5 49. Nf4 Qh6 50. Nxd3 Nd4 51. Rd1 Rc3 52. f4 Be6 53. fxe5 Bxc4 54.
exf6 gxf6 55. Qf4 Nc6 56. Qxh6 Bxh6 57. Rc5 Ne7 58. Nf4 Bb3 59. Rxc3 Bxd1 60.
Rc7 Re8 61. Rxe7 Rxe7 62. Nhg6+ hxg6 63. Nxg6+ Kh7 64. Nxe7 Bf8 65. Nd5 Kg7 66.
h4 Bc5 67. Bh3 Bd4 68. Kg2 Bc2 69. Bf5 Be5 70. Ne3 Bb3 71. Kf3 Bd4 72. Bd7 Be5
73. Bc6 Kh7 74. Bd5 Ba4 75. Bc4 Kg6 76. Be6 Bd4 77. Bf5+ Kg7 78. Nd5 Bd1+ 79.
Kg2 Be5 80. Ne3 Bb3 81. Bd7 Bc7 82. Kf3 Bb6 83. Be8 Be6 84. Bc6 Bc5 85. Bd5 Bd7
86. Bb3 Bc8 87. Ng2 Bb6 88. Nf4 Bd7 89. Bc4 Ba5 90. Be6 Bc6 91. Bd5 Bd7 92. Ba2
Bc3 93. Be6 Bc6 94. Bd5 Bd7 95. Be6 0-1

[Event "Lake Sevan 2016"]
[Site "Martuni ARM"]
[Date "2016.07.25"]
[Round "8.2"]
[White "Duda, Jan-Krzysztof"]
[Black "Anton Guijarro, David"]
[Result "1-0"]
[WhiteTitle "GM"]
[BlackTitle "GM"]
[WhiteElo "2671"]
[BlackElo "2627"]
[WhiteFideId "1170546"]
[BlackFideId "2285525"]
[EventDate "2016.07.18"]

1. e4 e6 2. d4 d5 3. Nc3 Nf6 4. Bg5 Bb4 5. e5 h6 6. Bc1 Ne4 7. Qg4 g5 8. a3
Bxc3+ 9. bxc3 c5 10. Bd3 h5 11. Qh3 Nxc3 12. dxc5 Nc6 13. Qg3 Qa5 14. Bd2 Qxc5
15. Qxg5 Ne4 16. Qe3 Qxe3+ 17. Bxe3 Nxe5 18. Bd4 f6 19. Bxe5 fxe5 20. Nf3 O-O
21. Bxe4 dxe4 22. Nxe5 b6 23. h4 Rf5 24. Nc4 Ba6 25. Ne3 Ra5 26. Rd1 Rxa3 27.
Rh3 Kf7 28. Rg3 Bb5 29. Rg5 Be8 30. Rxh5 Rc3 31. g4 a5 32. Rh7+ Kg6 33. Rb7 Rc6
34. Rb1 a4 35. R7xb6 Rxb6 36. Rxb6 a3 37. Rb1 Kf6 38. Ra1 a2 39. Nd1 Ke5 40. Nc3
Ra3 41. Kd2 Kd4 42. Ne2+ Ke5 43. h5 Bb5 44. Nc3 Bc4 45. h6 Ra7 46. g5 Kf5 47.
Nxe4 Kg6 48. Kc3 Rc7 49. Nf6 e5 50. h7 Bg8+ 51. Kd3 Bxh7 52. Rxa2 Kxg5+ 53.
Nxh7+ Rxh7 54. Ke4 Rh2 55. c4 Rh4+ 56. Kd5 Rd4+ 57. Kc5 Kf5 58. Rc2 Ke6 59. Kc6
Ke7 60. c5 Kd8 61. Ra2 e4 62. Ra8+ Ke7 63. Ra7+ Kd8 64. Ra8+ Ke7 65. Ra7+ Kd8
66. Rf7 Rd2 67. Rf8+ Ke7 68. Rf5 Re2 69. Kc7 Ke6 70. Rf8 Rc2 71. c6 Ke7 72. Rf4
Ke6 73. Rf8 Ke7 74. Rf5 Ke6 75. Rf4 Rc1 76. Kb7 Kd6 77. Rf6+ Ke7 78. Rh6 Rb1+
79. Kc8 Rb2 80. c7 1-0

[Event "Lake Sevan 2016"]
[Site "Martuni ARM"]
[Date "2016.07.25"]
[Round "8.3"]
[White "Gabuzyan, Hovhannes"]
[Black "Onischuk, Vladimir"]
[Result "1-0"]
[WhiteTitle "GM"]
[BlackTitle "GM"]
[WhiteElo "2607"]
[BlackElo "2615"]
[WhiteFideId "13303732"]
[BlackFideId "14114038"]
[EventDate "2016.07.18"]

1. d4 d6 2. Nf3 g6 3. g3 Bg7 4. Bg2 Nf6 5. O-O O-O 6. c4 Nc6 7. Nc3 e5 8. d5 Nb8
9. e4 a5 10. Ne1 Na6 11. a3 Nc5 12. Be3 Ng4 13. Bxc5 dxc5 14. Nd3 Qe7 15. Na4 b6
16. b4 cxb4 17. axb4 Nf6 18. c5 axb4 19. cxb6 Ba6 20. Nac5 Bxd3 21. Nxd3 Rab8
22. Ra6 Qd6 23. bxc7 Qxa6 24. cxb8=Q Rxb8 25. Nxe5 b3 26. Nc6 Rb6 27. e5 b2 28.
exf6 Bxf6 29. Be4 Qa2 30. Bb1 Qc4 31. Qf3 Kg7 32. Kg2 Rb3 33. Qe4 Qc5 34. Ne5
Rb4 35. Nd3 Rxe4 36. Nxc5 Rd4 37. Ba2 Be7 38. Nb7 Ra4 39. d6 Bg5 40. Bb1 Rd4 41.
Nc5 Rd5 42. f4 Bxf4 43. Rxf4 Rxc5 44. Ba2 f5 45. Rd4 Ra5 46. Bb1 Ra8 47. d7 Rd8
48. Kf3 Kf6 49. Kf4 Ke6 50. Kg5 Rxd7 51. Rxd7 Kxd7 52. Kh6 Ke6 53. h4 Kf6 54.
Bc2 1-0

[Event "Lake Sevan 2016"]
[Site "Martuni ARM"]
[Date "2016.07.25"]
[Round "8.4"]
[White "Ter-Sahakyan, Samvel"]
[Black "Hovhannisyan, Robert"]
[Result "1/2-1/2"]
[WhiteTitle "GM"]
[BlackTitle "GM"]
[WhiteElo "2605"]
[BlackElo "2640"]
[WhiteFideId "13302531"]
[BlackFideId "13302507"]
[EventDate "2016.07.18"]

1. e4 e5 2. Nf3 Nc6 3. Bc4 Bc5 4. c3 Nf6 5. d3 d6 6. O-O h6 7. a4 a5 8. Be3 Bxe3
9. fxe3 O-O 10. Nbd2 Be6 11. Bxe6 fxe6 12. d4 Qe8 13. Qb3 exd4 14. exd4 b6 15.
Rae1 Kh8 16. e5 dxe5 17. Nxe5 Nxe5 18. Rxe5 Ng4 19. Rxf8+ Qxf8 20. Re2 Re8 21.
h3 Nf6 22. Nf3 Nd5 23. Qc2 Kg8 24. Qe4 Qf4 25. Qg6 Re7 26. Re1 Qf5 27. Ne5 Qxg6
28. Nxg6 Re8 29. g4 Kf7 30. Ne5+ Ke7 31. Rf1 Nf6 32. h4 Kd6 33. g5 hxg5 34. hxg5
Nd7 35. Rf7 Nxe5 36. dxe5+ Kxe5 37. Rxg7 Rd8 38. Rxc7 Kf5 39. g6 Kxg6 40. Rc6
Rd1+ 41. Kf2 Rd2+ 42. Ke3 Rxb2 43. Rxe6+ Kf5 44. Rh6 Ke5 45. Kd3 Kd5 46. Rh5+
Kc6 47. Kc4 Rb1 48. Rg5 1/2-1/2

[Event "Lake Sevan 2016"]
[Site "Martuni ARM"]
[Date "2016.07.25"]
[Round "8.5"]
[White "Artemiev, Vladislav"]
[Black "Pashikian, Arman"]
[Result "1-0"]
[WhiteTitle "GM"]
[BlackTitle "GM"]
[WhiteElo "2653"]
[BlackElo "2615"]
[WhiteFideId "24101605"]
[BlackFideId "13301578"]
[EventDate "2016.07.18"]

1. e4 e5 2. Nf3 Nc6 3. Nc3 Nf6 4. Bb5 Bb4 5. O-O O-O 6. d3 d6 7. Ne2 Ne7 8. c3
Ba5 9. Ng3 c6 10. Ba4 Ng6 11. d4 Re8 12. Bc2 h6 13. Be3 Ng4 14. Bd2 c5 15. Ba4
Bd7 16. Bxd7 Qxd7 17. d5 c4 18. h3 Nf6 19. Nh2 Bd8 20. Qf3 Nh7 21. Qe2 Rc8 22.
Nf5 Nh4 23. Ng3 Bg5 24. Be3 Bxe3 25. fxe3 b5 26. a4 bxa4 27. Qh5 Qe7 28. Rxa4
Rb8 29. Rf2 Rec8 30. Qe2 Rc7 31. Nhf1 Rbc8 32. Nd2 Qd7 33. Rxc4 g6 34. Rxc7 Rxc7
35. Ngf1 h5 36. g3 Ng5 37. Rh2 Nxh3+ 38. Kh1 1-0

[Event "Lake Sevan 2016"]
[Site "Martuni ARM"]
[Date "2016.07.26"]
[Round "9.1"]
[White "Vidit, Santosh Gujrathi"]
[Black "Duda, Jan-Krzysztof"]
[Result "1/2-1/2"]
[WhiteTitle "GM"]
[BlackTitle "GM"]
[WhiteElo "2658"]
[BlackElo "2671"]
[WhiteFideId "5029465"]
[BlackFideId "1170546"]
[EventDate "2016.07.18"]

1. d4 d5 2. c4 e6 3. Nc3 c6 4. e4 dxe4 5. Nxe4 Bb4+ 6. Nc3 c5 7. a3 Ba5 8. Ne2
Bxc3+ 9. Nxc3 cxd4 10. Nb5 Nc6 1/2-1/2

[Event "Lake Sevan 2016"]
[Site "Martuni ARM"]
[Date "2016.07.26"]
[Round "9.2"]
[White "Hovhannisyan, Robert"]
[Black "Artemiev, Vladislav"]
[Result "0-1"]
[WhiteTitle "GM"]
[BlackTitle "GM"]
[WhiteElo "2640"]
[BlackElo "2653"]
[WhiteFideId "13302507"]
[BlackFideId "24101605"]
[EventDate "2016.07.18"]

1. e4 c5 2. Nf3 d6 3. d4 cxd4 4. Nxd4 Nf6 5. Nc3 a6 6. Bg5 Nbd7 7. Bc4 h6 8. Bh4
g6 9. Qe2 Bg7 10. O-O-O O-O 11. f4 Qc7 12. Kb1 b5 13. Bb3 Bb7 14. f5 g5 15. Bg3
Nc5 16. h4 g4 17. Nd5 Bxd5 18. Bxd5 Rac8 19. h5 Na4 20. c3 Qxc3 21. Be1 Qc7 22.
Nc6 Nxb2 23. Rd4 Nc4 24. Bc3 Qd7 25. Rxc4 bxc4 26. Qxc4 Kh8 27. Rc1 Rc7 28. Bxf6
Bxf6 29. Bxf7 Rxc6 30. Qxc6 Qxc6 31. Rxc6 Rxf7 32. Rxa6 Rf8 0-1

[Event "Lake Sevan 2016"]
[Site "Martuni ARM"]
[Date "2016.07.26"]
[Round "9.3"]
[White "Onischuk, Vladimir"]
[Black "Ter-Sahakyan, Samvel"]
[Result "1/2-1/2"]
[WhiteTitle "GM"]
[BlackTitle "GM"]
[WhiteElo "2615"]
[BlackElo "2605"]
[WhiteFideId "14114038"]
[BlackFideId "13302531"]
[EventDate "2016.07.18"]

1. e4 c5 2. Nf3 d6 3. d4 cxd4 4. Nxd4 Nf6 5. Nc3 a6 6. Be2 e5 7. Nb3 Be7 8. Bg5
O-O 9. Bxf6 Bxf6 10. Qd3 Be6 11. Rd1 Be7 12. Nd5 Bxd5 13. Qxd5 Qc7 14. Bg4 g6
15. O-O h5 16. Bh3 Nc6 17. c3 Kg7 18. a4 Rab8 19. Nd2 b5 20. b4 Rfd8 21. Ra1 Bg5
22. Nf3 Bf6 23. Qd3 Ne7 24. axb5 axb5 25. Qe3 Rb6 26. Rfd1 d5 27. g3 Rbd6 28.
Ra7 Qb8 29. Rda1 dxe4 30. Qxe4 Rd1+ 31. Bf1 Rxa1 32. Rxa1 Nd5 33. Rc1 Qc7 34. c4
Nxb4 35. Qb1 Qb7 36. Nxe5 Bxe5 37. Qxb4 Bd4 38. c5 h4 39. Qxb5 Qc7 40. Qb3 hxg3
41. hxg3 Qe5 42. Qf3 Bxc5 43. Bc4 Rd2 44. Rf1 f5 45. Ba6 Ra2 46. Kg2 Kh6 47. Bb7
Rd2 48. g4 fxg4 49. Qxg4 Rd4 50. Qg3 Rf4 51. Bf3 Rf5 52. Qxe5 1/2-1/2

[Event "Lake Sevan 2016"]
[Site "Martuni ARM"]
[Date "2016.07.26"]
[Round "9.4"]
[White "Anton Guijarro, David"]
[Black "Gabuzyan, Hovhannes"]
[Result "1-0"]
[WhiteTitle "GM"]
[BlackTitle "GM"]
[WhiteElo "2627"]
[BlackElo "2607"]
[WhiteFideId "2285525"]
[BlackFideId "13303732"]
[EventDate "2016.07.18"]

1. e4 c5 2. Nf3 d6 3. Bb5+ Bd7 4. Bxd7+ Qxd7 5. c4 Nf6 6. Nc3 e6 7. O-O Be7 8.
d4 cxd4 9. Nxd4 O-O 10. Qe2 a6 11. Be3 Qc7 12. Rac1 Nbd7 13. b3 Rfe8 14. Rfd1
Rac8 15. f3 Bf8 16. Qd2 Qa5 17. h3 Rc7 18. f4 Rec8 19. Nf3 b5 20. e5 Ne8 21. Ne4
Qxd2 22. Bxd2 dxe5 23. Ba5 Rb7 24. c5 Ndf6 25. c6 Ra7 26. Nxf6+ Nxf6 27. Rd8
Rxd8 28. Bxd8 Ra8 29. c7 Rc8 30. Nxe5 Nd5 31. Nc6 Bd6 32. Na7 Rxc7 33. Bxc7 Bxc7
34. Kh1 Kf8 35. f5 Ke7 36. fxe6 fxe6 37. Nc6+ Kd6 38. Nd4 Bb6 39. Ne2 b4 40. g3
e5 41. Kg2 Ne3+ 42. Kf3 Kd5 43. Rc8 e4+ 44. Kf4 g6 45. Kg5 Nf5 46. g4 Nd4 47.
Nf4+ Kd6 48. Re8 Nf3+ 49. Kh6 e3 50. Re6+ Kc7 51. Nd5+ Kd7 52. Rxb6 e2 53. Rb7+
Kd6 54. Re7 e1=Q 55. Rxe1 Nxe1 56. Nf6 a5 57. Kxh7 Ke6 58. Kxg6 Nd3 59. h4 1-0